[Event "ABC-4 2025 Groep A"]
[Site "Utrecht"]
[Date "2025.03.15"]
[Round "1.9"]
[White "Elferink, Leon"]
[Black "Van Diggele, Merijn"]
[Result "1/2-1/2"]
[WhiteFideId "8708084"]
[BlackFideId "8707908"]
[WhiteElo "1926"]
[BlackElo "1673"]

1. e4 {[%clk 00:55:18]} {[%emt 00:00:02]} g6 {[%clk 00:55:17]} {[%emt
00:00:04]} 2. d4 {[%clk 00:55:02]} {[%emt 00:00:25]} d6 {[%clk 00:55:24]}
{[%emt 00:00:04]} 3. Nc3 {[%clk 00:53:30]} {[%emt 00:01:41]} Bg7 {[%clk
00:55:17]} {[%emt 00:00:17]} 4. f4 {[%clk 00:52:20]} {[%emt 00:01:20]} a6
{[%clk 00:53:27]} {[%emt 00:02:01]} 5. Nf3 {[%clk 00:51:43]} {[%emt 00:00:47]}
Nf6 {[%clk 00:53:27]} {[%emt 00:00:10]} 6. e5 {[%clk 00:46:42]} {[%emt
00:05:11]} dxe5 {[%clk 00:50:50]} {[%emt 00:02:48]} 7. fxe5 {[%clk 00:46:45]}
{[%emt 00:00:07]} Nd5 {[%clk 00:50:49]} {[%emt 00:00:10]} 8. Bc4 {[%clk
00:42:33]} {[%emt 00:04:22]} Nxc3 {[%clk 00:48:40]} {[%emt 00:02:20]} 9. bxc3
{[%clk 00:42:06]} {[%emt 00:00:37]} c5 {[%clk 00:48:13]} {[%emt 00:00:37]} 10.
a4 {[%clk 00:41:12]} {[%emt 00:01:04]} O-O {[%clk 00:47:41]} {[%emt 00:00:41]}
11. O-O {[%clk 00:41:05]} {[%emt 00:00:16]} Qc7 {[%clk 00:46:40]} {[%emt
00:01:12]} 12. Qe2 {[%clk 00:37:57]} {[%emt 00:03:18]} e6 {[%clk 00:44:34]}
{[%emt 00:02:17]} 13. Ba3 {[%clk 00:36:53]} {[%emt 00:01:14]} b6 {[%clk
00:42:42]} {[%emt 00:02:01]} 14. a5 {[%clk 00:33:01]} {[%emt 00:04:03]} Nd7
{[%clk 00:41:03]} {[%emt 00:01:49]} 15. axb6 {[%clk 00:32:59]} {[%emt
00:00:11]} Qxb6 {[%clk 00:40:25]} {[%emt 00:00:48]} 16. Rfb1 {[%clk 00:31:34]}
{[%emt 00:01:35]} Qa7 {[%clk 00:39:27]} {[%emt 00:01:08]} 17. Kh1 {[%clk
00:30:01]} {[%emt 00:01:43]} Re8 {[%clk 00:37:49]} {[%emt 00:01:48]} 18. Qe4
{[%clk 00:28:17]} {[%emt 00:01:53]} Bf8 {[%clk 00:30:01]} {[%emt 00:07:59]} 19.
h4 {[%clk 00:23:33]} {[%emt 00:04:55]} Rb8 {[%clk 00:28:59]} {[%emt 00:01:11]}
20. Rxb8 {[%clk 00:19:42]} {[%emt 00:04:00]} Qxb8 {[%clk 00:28:59]} {[%emt
00:00:10]} 21. Ng5 {[%clk 00:16:21]} {[%emt 00:03:32]} h6 {[%clk 00:24:25]}
{[%emt 00:04:44]} 22. h5 {[%clk 00:14:56]} {[%emt 00:01:35]} Bb7 {[%clk
00:23:15]} {[%emt 00:01:20]} 23. Qd3 {[%clk 00:14:51]} {[%emt 00:00:15]} hxg5
{[%clk 00:22:27]} {[%emt 00:00:58]} 24. hxg6 {[%clk 00:14:57]} {[%emt
00:00:04]} Nxe5 {[%clk 00:20:05]} {[%emt 00:02:32]} 25. gxf7+ {[%clk 00:12:47]}
{[%emt 00:02:20]} Nxf7 {[%clk 00:17:28]} {[%emt 00:02:48]} 26. Qg6+ {[%clk
00:12:27]} {[%emt 00:00:28]} Bg7 {[%clk 00:17:07]} {[%emt 00:00:31]} 27. Bd3
{[%clk 00:10:46]} {[%emt 00:01:53]} Qg3 {[%clk 00:14:53]} {[%emt 00:02:23]} 28.
Qh7+ {[%clk 00:09:40]} {[%emt 00:01:16]} Kf8 {[%clk 00:14:56]} {[%emt
00:00:07]} 29. Bxc5+ {[%clk 00:09:20]} {[%emt 00:00:30]} Re7 {[%clk 00:14:57]}
{[%emt 00:00:09]} 30. Bxe7+ {[%clk 00:08:26]} {[%emt 00:01:04]} Kxe7 {[%clk
00:14:54]} {[%emt 00:00:13]} 31. Be4 {[%clk 00:08:31]} {[%emt 00:00:05]} Qxc3
{[%clk 00:12:58]} {[%emt 00:02:06]} 32. Rf1 {[%clk 00:06:33]} {[%emt 00:02:07]}
Bxe4 {[%clk 00:12:07]} {[%emt 00:01:02]} 33. Qxe4 {[%clk 00:06:38]} {[%emt
00:00:05]} Nd6 {[%clk 00:09:37]} {[%emt 00:02:40]} 34. Qg6 {[%clk 00:06:40]}
{[%emt 00:00:07]} Qxd4 {[%clk 00:09:05]} {[%emt 00:00:42]} 35. Qxg5+ {[%clk
00:06:41]} {[%emt 00:00:09]} Bf6 {[%clk 00:08:50]} {[%emt 00:00:26]} 36. Qh5
{[%clk 00:05:31]} {[%emt 00:01:19]} 1/2-1/2

[Event "ABC-4 2025 Groep A"]
[Site "Utrecht"]
[Date "2025.03.15"]
[Round "1.10"]
[White "Vrees, Jens"]
[Black "Feng, Elysia"]
[Result "0-1"]
[WhiteFideId "9030494"]
[BlackFideId "8607302"]
[WhiteElo "1573"]
[BlackElo "1918"]

1. d4 {[%clk 00:54:58]} {[%emt 00:00:21]} d5 {[%clk 00:55:17]} {[%emt
00:00:04]} 2. Nf3 {[%clk 00:54:53]} {[%emt 00:00:14]} e6 {[%clk 00:55:21]}
{[%emt 00:00:06]} 3. Bf4 {[%clk 00:54:30]} {[%emt 00:00:32]} c5 {[%clk
00:55:24]} {[%emt 00:00:08]} 4. dxc5 {[%clk 00:54:00]} {[%emt 00:00:41]} Bxc5
{[%clk 00:55:25]} {[%emt 00:00:09]} 5. e3 {[%clk 00:53:55]} {[%emt 00:00:15]}
Nf6 {[%clk 00:55:11]} {[%emt 00:00:23]} 6. Nc3 {[%clk 00:53:42]} {[%emt
00:00:23]} O-O {[%clk 00:54:05]} {[%emt 00:01:16]} 7. Bd3 {[%clk 00:53:30]}
{[%emt 00:00:21]} Nc6 {[%clk 00:53:30]} {[%emt 00:00:47]} 8. a3 {[%clk
00:53:22]} {[%emt 00:00:18]} a6 {[%clk 00:53:26]} {[%emt 00:00:13]} 9. Qe2
{[%clk 00:53:11]} {[%emt 00:00:20]} Re8 {[%clk 00:53:03]} {[%emt 00:00:34]} 10.
Ne5 {[%clk 00:53:04]} {[%emt 00:00:17]} Bd6 {[%clk 00:50:47]} {[%emt 00:02:26]}
11. Nxc6 {[%clk 00:52:57]} {[%emt 00:00:18]} bxc6 {[%clk 00:50:54]} {[%emt
00:00:02]} 12. Bg5 {[%clk 00:50:12]} {[%emt 00:02:54]} e5 {[%clk 00:47:33]}
{[%emt 00:03:32]} 13. f3 {[%clk 00:47:14]} {[%emt 00:03:05]} h6 {[%clk
00:45:14]} {[%emt 00:02:32]} 14. Bxf6 {[%clk 00:46:28]} {[%emt 00:00:57]} Qxf6
{[%clk 00:45:19]} {[%emt 00:00:04]} 15. O-O {[%clk 00:46:10]} {[%emt 00:00:27]}
Qg5 {[%clk 00:40:13]} {[%emt 00:05:16]} 16. b4 {[%clk 00:41:59]} {[%emt
00:04:22]} a5 {[%clk 00:28:44]} {[%emt 00:11:40]} 17. b5 {[%clk 00:40:24]}
{[%emt 00:01:44]} Bc5 {[%clk 00:24:34]} {[%emt 00:04:20]} 18. Rae1 {[%clk
00:34:21]} {[%emt 00:06:11]} Bxa3 {[%clk 00:21:04]} {[%emt 00:03:43]} 19. bxc6
{[%clk 00:26:03]} {[%emt 00:08:27]} Bb4 {[%clk 00:21:03]} {[%emt 00:00:12]} 20.
Nxd5 {[%clk 00:25:56]} {[%emt 00:00:16]} Bxe1 {[%clk 00:19:29]} {[%emt
00:01:44]} 21. Rxe1 {[%clk 00:24:27]} {[%emt 00:01:39]} Qd8 {[%clk 00:18:57]}
{[%emt 00:00:43]} 22. c7 {[%clk 00:21:00]} {[%emt 00:03:36]} Qd6 {[%clk
00:17:44]} {[%emt 00:01:24]} 23. Rd1 {[%clk 00:20:19]} {[%emt 00:00:50]} Qc5
{[%clk 00:12:52]} {[%emt 00:05:02]} 24. Be4 {[%clk 00:17:42]} {[%emt 00:02:46]}
Ra6 {[%clk 00:11:59]} {[%emt 00:01:04]} 25. g4 {[%clk 00:16:30]} {[%emt
00:01:21]} Rd6 {[%clk 00:09:54]} {[%emt 00:02:16]} 26. c4 {[%clk 00:14:37]}
{[%emt 00:02:01]} Be6 {[%clk 00:08:39]} {[%emt 00:01:27]} 27. Qb2 {[%clk
00:12:54]} {[%emt 00:01:53]} Bxd5 {[%clk 00:05:46]} {[%emt 00:03:03]} 28. Rxd5
{[%clk 00:06:44]} {[%emt 00:06:19]} Qxc7 {[%clk 00:05:09]} {[%emt 00:00:48]} 29.
Rxe5 {[%clk 00:06:31]} {[%emt 00:00:21]} Rxe5 {[%clk 00:05:17]} {[%emt
00:00:03]} 30. Qxe5 {[%clk 00:06:24]} {[%emt 00:00:16]} Rd1+ {[%clk 00:05:26]}
{[%emt 00:00:03]} 0-1

[Event "ABC-4 2025 Groep A"]
[Site "Utrecht"]
[Date "2025.03.15"]
[Round "2.1"]
[White "Moskalets, Sofia"]
[Black "Van Arendonk, Polle"]
[Result "0-1"]
[WhiteFideId "9002081"]
[BlackFideId "8640720"]
[WhiteElo "2150"]
[BlackElo "1914"]

1. e4 {[%clk 00:55:17]} {[%emt 00:00:01]} e5 {[%clk 00:55:17]} {[%emt
00:00:03]} 2. Nf3 {[%clk 00:55:21]} {[%emt 00:00:06]} Nc6 {[%clk 00:55:25]}
{[%emt 00:00:03]} 3. Bb5 {[%clk 00:55:25]} {[%emt 00:00:06]} a6 {[%clk
00:55:32]} {[%emt 00:00:03]} 4. Ba4 {[%clk 00:55:30]} {[%emt 00:00:05]} Nf6
{[%clk 00:55:39]} {[%emt 00:00:03]} 5. d3 {[%clk 00:55:33]} {[%emt 00:00:07]}
b5 {[%clk 00:55:44]} {[%emt 00:00:06]} 6. Bb3 {[%clk 00:55:38]} {[%emt
00:00:05]} Bc5 {[%clk 00:55:50]} {[%emt 00:00:04]} 7. O-O {[%clk 00:55:39]}
{[%emt 00:00:08]} d6 {[%clk 00:55:44]} {[%emt 00:00:17]} 8. c3 {[%clk
00:55:44]} {[%emt 00:00:04]} O-O {[%clk 00:55:34]} {[%emt 00:00:21]} 9. h3
{[%clk 00:55:36]} {[%emt 00:00:17]} h6 {[%clk 00:54:11]} {[%emt 00:01:32]} 10.
Re1 {[%clk 00:55:19]} {[%emt 00:00:28]} Re8 {[%clk 00:53:55]} {[%emt 00:00:26]}
11. Nbd2 {[%clk 00:53:55]} {[%emt 00:01:34]} Be6 {[%clk 00:52:34]} {[%emt
00:01:31]} 12. Bc2 {[%clk 00:48:45]} {[%emt 00:05:19]} d5 {[%clk 00:52:41]}
{[%emt 00:00:04]} 13. Nxe5 {[%clk 00:34:16]} {[%emt 00:14:38]} Nxe5 {[%clk
00:46:53]} {[%emt 00:05:58]} 14. d4 {[%clk 00:34:21]} {[%emt 00:00:05]} Ned7
{[%clk 00:35:22]} {[%emt 00:11:42]} 15. dxc5 {[%clk 00:34:17]} {[%emt
00:00:13]} Nxc5 {[%clk 00:35:06]} {[%emt 00:00:26]} 16. e5 {[%clk 00:31:42]}
{[%emt 00:02:45]} Nfe4 {[%clk 00:29:41]} {[%emt 00:05:36]} 17. Nxe4 {[%clk
00:24:15]} {[%emt 00:07:36]} Nxe4 {[%clk 00:29:43]} {[%emt 00:00:08]} 18. Qh5
{[%clk 00:22:26]} {[%emt 00:01:59]} f5 {[%clk 00:21:22]} {[%emt 00:08:31]} 19.
exf6 {[%clk 00:16:32]} {[%emt 00:06:04]} Bf7 {[%clk 00:16:54]} {[%emt
00:04:38]} 20. Qf3 {[%clk 00:14:35]} {[%emt 00:02:06]} Qxf6 {[%clk 00:14:52]}
{[%emt 00:02:13]} 21. Qxf6 {[%clk 00:14:24]} {[%emt 00:00:22]} Nxf6 {[%clk
00:14:42]} {[%emt 00:00:20]} 22. Rxe8+ {[%clk 00:13:43]} {[%emt 00:00:50]} Rxe8
{[%clk 00:14:34]} {[%emt 00:00:19]} 23. Be3 {[%clk 00:13:39]} {[%emt 00:00:14]}
Nd7 {[%clk 00:12:42]} {[%emt 00:02:02]} 24. a4 {[%clk 00:13:04]} {[%emt
00:00:44]} Ne5 {[%clk 00:10:53]} {[%emt 00:01:59]} 25. axb5 {[%clk 00:12:48]}
{[%emt 00:00:27]} axb5 {[%clk 00:11:01]} {[%emt 00:00:03]} 26. b3 {[%clk
00:09:59]} {[%emt 00:02:58]} Bg6 {[%clk 00:09:12]} {[%emt 00:01:59]} 27. Bxg6
{[%clk 00:08:54]} {[%emt 00:01:15]} Nxg6 {[%clk 00:09:21]} {[%emt 00:00:01]} 28.
Ra6 {[%clk 00:08:12]} {[%emt 00:00:52]} Ne7 {[%clk 00:05:47]} {[%emt 00:03:44]}
29. Bc5 {[%clk 00:07:09]} {[%emt 00:01:13]} Kf7 {[%clk 00:04:14]} {[%emt
00:01:43]} 30. Ra7 {[%clk 00:07:05]} {[%emt 00:00:14]} Rc8 {[%clk 00:03:37]}
{[%emt 00:00:47]} 31. Rb7 {[%clk 00:07:04]} {[%emt 00:00:11]} Ke6 {[%clk
00:02:43]} {[%emt 00:01:04]} 32. Rxb5 {[%clk 00:06:59]} {[%emt 00:00:14]} Nf5
{[%clk 00:02:30]} {[%emt 00:00:23]} 33. Ra5 {[%clk 00:06:25]} {[%emt 00:00:45]}
Nd6 {[%clk 00:01:49]} {[%emt 00:00:51]} 34. Ra6 {[%clk 00:05:31]} {[%emt
00:01:05]} c6 {[%clk 00:01:27]} {[%emt 00:00:31]} 35. Ra7 {[%clk 00:04:58]}
{[%emt 00:00:43]} Ne4 {[%clk 00:01:05]} {[%emt 00:00:31]} 36. Bd4 {[%clk
00:04:55]} {[%emt 00:00:14]} g6 {[%clk 00:01:10]} {[%emt 00:00:05]} 37. Rg7
{[%clk 00:04:27]} {[%emt 00:00:37]} Kf5 {[%clk 00:01:02]} {[%emt 00:00:19]} 38.
b4 {[%clk 00:04:18]} {[%emt 00:00:19]} c5 {[%clk 00:00:17]} {[%emt 00:00:55]}
39. bxc5 {[%clk 00:04:17]} {[%emt 00:00:11]} Nxc5 {[%clk 00:00:22]} {[%emt
00:00:06]} 40. Rf7+ {[%clk 00:03:47]} {[%emt 00:00:40]} Ke4 {[%clk 00:00:30]}
{[%emt 00:00:02]} 41. f3+ {[%clk 00:03:25]} {[%emt 00:00:31]} Kd3 {[%clk
00:00:35]} {[%emt 00:00:05]} 42. Rf6 {[%clk 00:02:40]} {[%emt 00:00:55]} Nb3
{[%clk 00:00:42]} {[%emt 00:00:03]} 43. Rxg6 {[%clk 00:02:10]} {[%emt
00:00:40]} Nxd4 {[%clk 00:00:51]} {[%emt 00:00:02]} 44. cxd4 {[%clk 00:02:18]}
Kxd4 {[%clk 00:00:53]} {[%emt 00:00:08]} 45. Rxh6 {[%clk 00:02:18]} {[%emt
00:00:10]} Kc3 {[%clk 00:00:52]} {[%emt 00:00:11]} 46. Rd6 {[%clk 00:01:52]}
{[%emt 00:00:36]} d4 {[%clk 00:01:01]} {[%emt 00:00:02]} 47. h4 {[%clk
00:01:26]} {[%emt 00:00:36]} d3 {[%clk 00:00:56]} {[%emt 00:00:14]} 48. Kf2
{[%clk 00:01:03]} {[%emt 00:00:33]} Kc2 {[%clk 00:00:35]} {[%emt 00:00:31]} 49.
h5 {[%clk 00:01:01]} {[%emt 00:00:12]} d2 {[%clk 00:00:34]} {[%emt 00:00:11]}
50. g4 {[%clk 00:00:57]} {[%emt 00:00:14]} d1=Q {[%clk 00:00:30]} {[%emt
00:00:14]} 51. Rxd1 {[%clk 00:01:05]} {[%emt 00:00:02]} Kxd1 {[%clk 00:00:38]}
{[%emt 00:00:02]} 52. g5 {[%clk 00:01:06]} {[%emt 00:00:09]} Kd2 {[%clk
00:00:13]} {[%emt 00:00:35]} 53. g6 {[%clk 00:00:58]} {[%emt 00:00:17]} Rg8
{[%clk 00:00:15]} {[%emt 00:00:08]} 54. f4 {[%clk 00:00:52]} {[%emt 00:00:16]}
Kd3 {[%clk 00:00:18]} {[%emt 00:00:08]} 55. Kf3 {[%clk 00:00:50]} {[%emt
00:00:12]} Kd4 {[%clk 00:00:16]} {[%emt 00:00:12]} 56. Kg4 {[%clk 00:00:45]}
{[%emt 00:00:15]} Kd5 {[%clk 00:00:16]} {[%emt 00:00:09]} 57. f5 {[%clk
00:00:47]} {[%emt 00:00:08]} Ke5 {[%clk 00:00:13]} {[%emt 00:00:13]} 58. Kg5
{[%clk 00:00:54]} {[%emt 00:00:04]} Rf8 {[%clk 00:00:17]} {[%emt 00:00:06]} 59.
g7 {[%clk 00:00:43]} {[%emt 00:00:20]} Rxf5 {[%clk 00:00:14]} {[%emt 00:00:13]}
60. Kg4 {[%clk 00:00:46]} {[%emt 00:00:08]} Rf1 {[%clk 00:00:17]} {[%emt
00:00:07]} 61. Kg5 {[%clk 00:00:33]} {[%emt 00:00:23]} Rg1 {[%clk 00:00:13]}
{[%emt 00:00:14]} 0-1

[Event "ABC-4 2025 Groep A"]
[Site "Utrecht"]
[Date "2025.03.15"]
[Round "2.2"]
[White "Gupta, Akul"]
[Black "Leenen, Boyd"]
[Result "0-1"]
[WhiteFideId "8925180"]
[BlackFideId "8809306"]
[WhiteElo "1930"]
[BlackElo "2018"]

1. e4 {[%clk 00:55:12]} {[%emt 00:00:07]} e5 {[%clk 00:55:13]} {[%emt
00:00:08]} 2. Nf3 {[%clk 00:55:15]} {[%emt 00:00:06]} Nc6 {[%clk 00:55:19]}
{[%emt 00:00:05]} 3. Bc4 {[%clk 00:55:20]} {[%emt 00:00:06]} Nf6 {[%clk
00:55:20]} {[%emt 00:00:08]} 4. d3 {[%clk 00:55:22]} {[%emt 00:00:08]} Bc5
{[%clk 00:55:24]} {[%emt 00:00:05]} 5. c3 {[%clk 00:55:27]} {[%emt 00:00:06]}
d6 {[%emt 00:00:23]} 6. a4 {[%clk 00:55:21]} a5 {[%clk 00:55:31]} {[%emt
00:00:06]} 7. Bg5 {[%clk 00:54:04]} {[%emt 00:01:27]} h6 {[%clk 00:55:18]}
{[%emt 00:00:23]} 8. Be3 {[%clk 00:53:41]} {[%emt 00:00:33]} Bxe3 {[%clk
00:54:24]} {[%emt 00:01:03]} 9. fxe3 {[%clk 00:53:45]} {[%emt 00:00:07]} O-O
{[%clk 00:54:24]} {[%emt 00:00:09]} 10. O-O {[%clk 00:53:49]} {[%emt 00:00:07]}
Be6 {[%clk 00:54:23]} {[%emt 00:00:11]} 11. Nbd2 {[%clk 00:51:10]} {[%emt
00:02:49]} Bxc4 {[%clk 00:52:26]} {[%emt 00:02:07]} 12. Nxc4 {[%clk 00:51:11]}
{[%emt 00:00:10]} Re8 {[%clk 00:52:25]} {[%emt 00:00:11]} 13. Qd2 {[%clk
00:46:40]} {[%emt 00:04:41]} Qe7 {[%clk 00:50:11]} {[%emt 00:02:23]} 14. b4
{[%clk 00:45:34]} {[%emt 00:01:18]} Qe6 {[%clk 00:49:17]} {[%emt 00:01:03]} 15.
Rfe1 {[%clk 00:44:46]} {[%emt 00:00:55]} Nxe4 {[%clk 00:48:02]} {[%emt
00:01:29]} 16. Qb2 {[%clk 00:44:21]} {[%emt 00:00:35]} axb4 {[%clk 00:43:58]}
{[%emt 00:04:15]} 17. cxb4 {[%emt 00:00:26]} Nf6 {[%clk 00:43:41]} {[%emt
00:00:22]} 18. e4 {[%clk 00:42:39]} {[%emt 00:01:40]} Ne7 {[%clk 00:36:48]}
{[%emt 00:07:02]} 19. a5 {[%clk 00:40:34]} {[%emt 00:02:16]} Ng6 {[%clk
00:36:43]} {[%emt 00:00:14]} 20. b5 {[%clk 00:38:17]} {[%emt 00:02:28]} Nf4
{[%clk 00:32:19]} {[%emt 00:04:34]} 21. Ra3 {[%clk 00:36:48]} {[%emt 00:01:40]}
Nxd3 {[%clk 00:31:36]} {[%emt 00:00:52]} 22. Rxd3 {[%clk 00:36:31]} {[%emt
00:00:27]} Qxc4 {[%clk 00:31:39]} {[%emt 00:00:06]} 23. Rc3 {[%clk 00:36:37]}
{[%emt 00:00:05]} Qa4 {[%clk 00:31:08]} {[%emt 00:00:39]} 24. Ra3 {[%clk
00:36:36]} {[%emt 00:00:13]} Qc4 {[%clk 00:30:55]} {[%emt 00:00:20]} 25. Rc3
{[%clk 00:36:44]} {[%emt 00:00:05]} Qe6 {[%clk 00:30:41]} {[%emt 00:00:22]} 26.
Rxc7 {[%clk 00:36:41]} {[%emt 00:00:15]} Rxa5 {[%clk 00:30:38]} {[%emt
00:00:13]} 27. Rxb7 {[%clk 00:35:46]} {[%emt 00:01:05]} Ra2 {[%clk 00:29:25]}
{[%emt 00:01:23]} 28. Qb1 {[%clk 00:32:00]} {[%emt 00:03:56]} Rc8 {[%clk
00:25:38]} {[%emt 00:03:55]} 29. Re7 {[%clk 00:26:20]} {[%emt 00:05:52]} Qxe7
{[%clk 00:25:41]} {[%emt 00:00:07]} 30. Qxa2 {[%clk 00:26:18]} {[%emt
00:00:12]} Qb7 {[%clk 00:25:46]} {[%emt 00:00:04]} 31. Qa4 {[%clk 00:24:32]}
{[%emt 00:01:57]} Rb8 {[%clk 00:25:23]} {[%emt 00:00:31]} 32. Qb4 {[%clk
00:24:20]} {[%emt 00:00:25]} Qb6+ {[%clk 00:24:41]} {[%emt 00:00:52]} 33. Kh1
{[%clk 00:23:59]} {[%emt 00:00:31]} Rc8 {[%clk 00:23:36]} {[%emt 00:01:10]} 34.
h3 {[%clk 00:20:36]} {[%emt 00:03:37]} Rc2 {[%clk 00:22:33]} {[%emt 00:01:13]}
35. Rd1 {[%clk 00:18:45]} {[%emt 00:02:01]} Rc5 {[%clk 00:17:05]} {[%emt
00:05:38]} 36. Rb1 {[%clk 00:18:02]} {[%emt 00:00:54]} Ne8 {[%clk 00:15:33]}
{[%emt 00:01:40]} 37. Nd2 {[%clk 00:16:55]} {[%emt 00:01:19]} d5 {[%clk
00:10:45]} {[%emt 00:04:58]} 38. exd5 {[%clk 00:16:21]} {[%emt 00:00:44]} Nd6
{[%clk 00:10:54]} 39. Qa4 {[%clk 00:12:53]} {[%emt 00:03:37]} Rxb5 {[%clk
00:09:58]} {[%emt 00:01:06]} 40. Rxb5 {[%clk 00:12:53]} {[%emt 00:00:11]} Qxb5
{[%clk 00:10:03]} {[%emt 00:00:06]} 41. Qa3 {[%clk 00:10:17]} {[%emt 00:02:46]}
Qxd5 {[%clk 00:09:54]} {[%emt 00:00:18]} 42. Qe3 {[%clk 00:08:42]} {[%emt
00:01:44]} f6 {[%clk 00:08:27]} {[%emt 00:01:39]} 43. Qe2 {[%clk 00:07:11]}
{[%emt 00:01:39]} Nf5 {[%clk 00:08:25]} {[%emt 00:00:13]} 44. Qc4 {[%clk
00:06:24]} {[%emt 00:00:57]} Qxc4 {[%clk 00:08:20]} {[%emt 00:00:15]} 45. Nxc4
{[%clk 00:06:28]} {[%emt 00:00:06]} Kf7 {[%clk 00:08:23]} {[%emt 00:00:06]} 46.
g4 {[%clk 00:06:29]} {[%emt 00:00:10]} Nd4 {[%clk 00:08:24]} {[%emt 00:00:08]}
47. Kg2 {[%clk 00:06:23]} {[%emt 00:00:17]} Kg6 {[%clk 00:08:25]} {[%emt
00:00:08]} 48. Kg3 {[%clk 00:06:14]} {[%emt 00:00:20]} h5 {[%clk 00:08:27]}
{[%emt 00:00:09]} 49. Ne3 {[%clk 00:04:29]} {[%emt 00:01:54]} hxg4 {[%clk
00:08:30]} {[%emt 00:00:07]} 50. hxg4 {[%clk 00:04:33]} {[%emt 00:00:06]} Kf7
{[%clk 00:08:33]} {[%emt 00:00:07]} 51. Nd5 {[%clk 00:02:48]} {[%emt 00:01:56]}
g6 {[%clk 00:08:28]} {[%emt 00:00:12]} 52. Kf2 {[%clk 00:02:33]} {[%emt
00:00:26]} f5 {[%clk 00:08:22]} {[%emt 00:00:18]} 53. gxf5 {[%clk 00:02:30]}
{[%emt 00:00:13]} gxf5 {[%clk 00:08:26]} {[%emt 00:00:06]} 54. Ke3 {[%clk
00:02:35]} {[%emt 00:00:03]} Nb5 {[%clk 00:08:08]} {[%emt 00:00:27]} 55. Nb4
{[%clk 00:02:07]} {[%emt 00:00:41]} Ke6 {[%clk 00:08:08]} {[%emt 00:00:10]} 56.
Nd3 {[%clk 00:01:05]} {[%emt 00:01:10]} Nd6 {[%clk 00:07:52]} {[%emt 00:00:26]}
57. Nc5+ {[%clk 00:00:58]} {[%emt 00:00:19]} Kd5 {[%emt 00:00:06]} 58. Nd7
{[%clk 00:01:01]} {[%emt 00:00:05]} f4+ {[%clk 00:07:59]} {[%emt 00:00:08]} 59.
Kf3 {[%clk 00:01:03]} {[%emt 00:00:08]} Nf7 {[%clk 00:07:47]} {[%emt 00:00:18]}
60. Nf6+ {[%clk 00:01:04]} {[%emt 00:00:13]} Kd4 {[%emt 00:00:12]} 61. Ne4 Nh6
{[%clk 00:07:34]} {[%emt 00:00:20]} 62. Nd6 {[%clk 00:01:00]} {[%emt 00:00:26]}
Kd3 {[%emt 00:00:32]} 63. Ne4 {[%emt 00:00:19]} Nf5 {[%clk 00:07:17]} {[%emt
00:00:02]} 64. Nc5+ {[%emt 00:00:18]} Kc4 {[%emt 00:00:18]} 65. Nd7 {[%clk
00:01:07]} Kd4 {[%clk 00:06:59]} {[%emt 00:00:08]} 66. Nf6 {[%emt 00:00:47]}
Nd6 {[%clk 00:06:24]} {[%emt 00:00:05]} 67. Ng4 {[%emt 00:00:55]} Nf7 {[%clk
00:05:45]} {[%emt 00:00:23]} 68. Nf6 {[%clk 00:00:55]} {[%emt 00:00:06]} Ng5+
{[%clk 00:05:45]} {[%emt 00:00:11]} 69. Kg4 {[%clk 00:01:03]} {[%emt 00:00:02]}
Ne4 {[%emt 00:00:53]} 70. Nh7 {[%emt 00:00:12]} Nd2 {[%clk 00:05:47]} {[%emt
00:00:02]} 71. Ng5 {[%emt 00:00:41]} Ke3 {[%clk 00:05:01]} {[%emt 00:00:19]}
0-1